000 00750nam a2200289Ia 4500
001 16162
005 20240113235659.0
007 ta
008 051215s1989 a g b000 u 465 u
020 _a81-85198-89-6
040 _aCotton College,Assam
041 _a465
082 _a519
_bCa 113 Ex
100 _aCacoullos, T. .
245 0 _aExercises in Probability /
_cT.Cacoullos.
_hTextual Documents
250 _a1st ed. /
260 _aNew Delhi :
_bNarosa Publishing House ,
_cC1989.
300 _aix,241p. :
_bill ;
_c22cm .
500 _aWith 22 Illustrations
504 _aIndex
653 _aProbability
653 _aG-Mathematics
942 _2ddc
_cBK
999 _c16144
_d16144